Cuentos con valores: juegos y actividades para desarrollar tu potencial (Registro nro. 9351)
[ vista simple ]
| 000 -Cabecera | |
|---|---|
| Campo de control de longitud fija | 00636ntm a22002537a 4500 |
| 005 - Fecha y hora de la última transacción | |
| Campo de control | 20231211140920.0 |
| 008 - Elementos de longitud fija--Información general | |
| Campo de control de longitud fija | 170502b xxu||||| |||| 00| 0 spa d |
| 020 ## - International Standard Book Number | |
| Número Internacional Estándar del Libro (ISBN) | 9788496916135 |
| 041 ## - Idioma | |
| Código de idioma | Español |
| 082 ## - Clasificación Decimal Dewey | |
| Número de clasificación | 303.372 C965c |
| 245 ## - Título propiamente dicho | |
| Título | Cuentos con valores: juegos y actividades para desarrollar tu potencial |
| 260 ## - Pie de imprenta | |
| Lugar de publicación, distribución, etc. | Colombia |
| 260 ## - Pie de imprenta | |
| Nombre del editor, distribuidor, etc. | Daly |
| 260 ## - Pie de imprenta | |
| Fecha de publicación, distribución, etc. | 2013 |
| 300 ## - Descripción física | |
| Extensión | 168 páginas |
| 650 ## - Materia general | |
| Temática (materia general) | VALORES |
| 650 ## - Materia general | |
| Temática (materia general) | CUENTOS |
| 650 ## - Materia general | |
| Temática (materia general) | ACTIVIDADES |
| 650 ## - Materia general | |
| Temática (materia general) | VALORES PARA LA FAMILIA |
| 650 ## - Materia general | |
| Temática (materia general) | NIÑOS |
| 650 ## - Materia general | |
| Temática (materia general) | EDUCACIÓN MORAL |
| 650 ## - Materia general | |
| Temática (materia general) | VALORES PARA LA SOCIEDAD |
| 942 ## - Punto de acceso adicional KOHA | |
| Tipo de ítem KOHA | Libro |
| Fuente del sistema de clasificación o colocación | Dewey Decimal Classification |
| Signatura completa | Código de barras | Tipo de ítem |
|---|---|---|
| 303.372 C965c | 22175 | Libro |